| 000 | 00911cab a2200241 4500 | ||
|---|---|---|---|
| 001 | WB3309-07 | ||
| 008 | 090401t1997 xxu||||| |||| 00| 0 eng d | ||
| 035 | _a(Sirsi) u59709 | ||
| 041 | _aeng | ||
| 245 | _aFirms head out of town | ||
| 260 | _c1997 | ||
| 350 | _a0 | ||
| 490 |
_aProperty Week _v58(7) 21 February 1997, 3 |
||
| 490 |
_aDaily Telegraph _v24 February 1997, 26(2) |
||
| 520 | _aOnly seven sizeable firms relocated out of central London in 1996 according to Jones Lang Wootton`s report "Decentralisation of offices from Central London". But the scale of these moves resulted in the vacation of 155,000 sq m of office space, the highest total since 1991/2. | ||
| 650 | _aDECENTRALISATION OF OFFICES FROM CENTRAL LONDON | ||
| 650 | _aJONES LANG WOOTTON | ||
| 650 | _aOFFICE SPACE | ||
| 650 | _aRELOCATION | ||
| 690 | _aPROPERTY-COMMERCIAL PROPERTY | ||
| 942 | _n0 | ||
| 948 | _c04/03/1997 | ||
| 999 |
_c36679 _d36679 |
||